Evaluación inicial de riesgos por puestos de trabajos en la Distribuidora Dos Robles S.A., carretera norte
El estudio aborda que debido a la importancia y la necesidad de mantener un ambiente de trabajo que permita entornos saludables para las y los trabajadores de esta empresa Distribuidora Dos Robles S.A, y evitar la ocurrencia de accidentes de trabajo que puedan generar secuelas (Riesgos laborales, pe...
| Main Authors: | , , |
|---|---|
| Other Authors: | |
| Format: | Tesis Section = Libro |
| Language: | Undetermined Spanish |
| Published: |
Managua
UNI
2022
|
| Subjects: |
| LEADER | 01282nam a2200277Ia 4500 | ||
|---|---|---|---|
| 008 | 240830s9999 xx 000 0 und d | ||
| 040 | |a BIBLIOTECA-RUPAP/ Mon 363.11 M385 | ||
| 041 | |a spa | ||
| 082 | |a Mon 363.11 M385 | ||
| 100 | 1 | |a Martínez Obregón, Scarleth Isabel | |
| 100 | 1 | |b Argüello Velásquez, Walkonda Guadalupe | |
| 100 | 1 | |c Vega Hernández, José Gabriel | |
| 245 | 1 | 0 | |a Evaluación inicial de riesgos por puestos de trabajos en la Distribuidora Dos Robles S.A., carretera norte |
| 260 | |a Managua |b UNI |c 2022 | ||
| 300 | |a 395 p. :il. | ||
| 500 | |a Contiene: anexos y CD. | ||
| 502 | |a Tesis (Ingeniero Industrial) - UNI, 2022. | ||
| 520 | 3 | |a El estudio aborda que debido a la importancia y la necesidad de mantener un ambiente de trabajo que permita entornos saludables para las y los trabajadores de esta empresa Distribuidora Dos Robles S.A, y evitar la ocurrencia de accidentes de trabajo que puedan generar secuelas (Riesgos laborales, pérdidas económicas y sociales) a corto, mediano y largo plazo. | |
| 650 | 7 | |a EVALUACION DE RIESGOS | |
| 650 | 7 | |b SEGURIDAD INDUSTRIAL | |
| 650 | 7 | |c RIESGOS LABORALES | |
| 650 | 7 | |d SEGURIDAD OCUPACIONAL | |
| 700 | 1 | |a Tutor: |b Vílchez Torres, Marcos Luis | |
| 942 | |c BK |2 ddc | ||
| 991 | |a Tesis | ||
| 999 | |c 27667 | ||